000 01273cam a22003977a 4500
003 CHAP
005 20220817043546.0
008 990624d1998 it rn 00110 eng d
010 _a78424
011 _a79396
020 _a9251041520
035 _a89624
040 _cCHAP
082 0 4 _a631.5
_bF33 v.14
110 2 _aFAO
245 1 0 _aFarming systems approach and postconflict reconstruction
_b/by B. Schelhas
_c/
260 _aRome :
_bFAO,
_c1998.
300 _a73 p.
410 2 _aFAO
490 0 _aGestión de sistemas de explotación agrícola
_v; 14
590 _aBATCH-UPD
_b10
_c20130110
_lUCH01
_h0040
590 _aBATCH-UPD
_b10
_c20130110
_lUCH01
_h0517
590 _aBATCH-UPD
_b10
_c20130409
_lUCH01
_h2025
590 _aBATCH-UPD
_b10
_c20130410
_lUCH01
_h0908
590 _aBATCH-UPD
_b10
_c20130914
_lUCH01
_h1345
590 _aCONVERSION
_b10
_c20130109
_lUCH01
_h1343
650 1 4 _aSistemas de cultivo.
_9106746
650 1 4 _aTierras
_xRecuperación de.
_9113120
700 0 _aSchelhas, B.
_9102953
810 0 _aFAO
830 0 0 _aGestión de sistemas de explotación agrícola
_v; 14
_947804
901 _aBK
905 _aLilia Sánchez G.
942 _cLIBRO
949 _a631.5 F33 v.14
_bBC
_cFAO
_d33724000726964
_eFAO1
_h95878
_i89624
_kDonaciØn
_sb
999 _c78424
_d78424